Music Quiz

Random Music or Song Quiz

Songs by Antonyms II Quiz Stats

 Plays Quiz not verified by Sporcle

Challenge
Share
Tweet
Embed
Score 0/14 Timer 04:00
0 Plays Today
Antonym Song Title % Correct
Listen You DefinetlyCall Me Maybe
90%
Do Go DisbelievingDon't Stop Believin'
85%
Bye Body BrotherHey Soul Sister
80%
Whole of YouPart of Me
77.5%
What Destroys Me UglyWhat Makes You Beautiful
72.5%
Nobody That You 'Newed' to MeetSomebody That I Used to Know
72.5%
Calm TwosWild Ones
60%
Antonym Song Title % Correct
Have Avoided Me NowHaven't Met You Yet
57.5%
Free ReceiverPayphone
52.5%
Need Me FrontWant U Back
50%
MiseryParadise
47.5%
Walking the MoonChasing the Sun
40%
Whole HeadedBroken-Hearted
32.5%
Nobody(in terms of fame)Superstar
27.5%

You're not logged in!

Compare scores with friends on all Sporcle quizzes.
OR
Log In

You Might Also Like...

Show Comments

Extras

Created Jun 18, 2012ReportNominate
Tags:Artist Quiz, Song Quiz, antonym

Top Quizzes Today


Score Distribution

Your Account Isn't Verified!

In order to create a playlist on Sporcle, you need to verify the email address you used during registration. Go to your Sporcle Settings to finish the process.

Report this User

Report this user for behavior that violates our Community Guidelines.

Details: